| 000 | 01000nam a22002777a 4500 | ||
|---|---|---|---|
| 001 | 1026 | ||
| 005 | 20230718141510.0 | ||
| 008 | 230718b cb ||||| |||| 00| 0 eng d | ||
| 020 |
_a0899198481 : _c$13.95 (est.) |
||
| 040 |
_aDLC _cDLC _dDLC _beng |
||
| 050 | 0 | 0 |
_aPZ7.H1256 _bDo 1989 |
| 082 | 0 | 0 |
_a813.54 _219 |
| 100 | 1 | _aHahn, Mary Downing. | |
| 245 | 1 | 4 |
_aThe doll in the garden : _ba ghost story / _cMary Downing Hahn. |
| 250 | _aFirst Avon Camelot printing, April 1990. | ||
| 260 |
_aNew York : _bAvon, _c1990. |
||
| 300 |
_a128 pages : _c19 cm. |
||
| 505 | _aT | ||
| 520 | _aAfter Ashley and Kristi find an antique doll buried in old Miss Cooper's garden, they discover that they can enter a ghostly turn-of-the-nineteenth-century world by going through a hole in the hedge. | ||
| 521 |
_a800
_bLexile |
||
| 521 |
_aT
_bRaz-Plus |
||
| 650 | 1 |
_aTime travel _vFiction. |
|
| 650 | 1 |
_aGhosts _vFiction. |
|
| 906 |
_a7 _bcbc _corignew _d1 _eocip _f19 _gy-gencatlg |
||
| 942 |
_2ddc _cBK _n0 |
||
| 999 |
_c1026 _d1026 |
||